Answers in Common Quiz Stats

 Plays Quiz Updated Aug 2, 2012

Support Sporcle.
Go Orange.
Score 0/22 Timer 10:00
0 Plays Today
Sporcle quiz 1 common answer % Correct
Periodic TableMercury
85.1%
Ivy LeagueBrown
74.9%
U.S. StatesGeorgia
69.3%
Commonest English WordsUp
65%
U.S. PresidentsGarfield
62.3%
One Named BandsGenesis
42.1%
Human BonesRadius
41.1%
Causes of Death (U.S.)Cancer
40.4%
4-Sport CitiesPhiladelphia
40.2%
Monopoly PiecesIron
37.2%
Shakespeare PlaysOthello
21.3%
Sporcle quiz 1 common answer % Correct
WNBA TeamsSparks
19.2%
Super Bowl MVPsRice
18.4%
Name The ToySimon
16.4%
Disney Leading LadiesAurora
16.1%
MLB TeamsTwins
15.6%
English Alpha Code WordsLima
13.9%
ConstellationsPhoenix
9.9%
London Tube LinesJubilee
6.5%
Names of PopesInnocent
5.8%
500 Home Run ClubSheffield
4.6%
Premier League All TimeReading
2%

You're not logged in!

Compare scores with friends on all Sporcle quizzes.
OR
Log In
Forgot?

From the Vault

1-10 ^ 1-10

by White

Science 20m
This is one of those quizzes that reminds me why I don't work at NASA.
Remove Ads.
Support Sporcle.
Get the best of Sporcle when you Go Orange. This ad-free experience offers more features, more stats, and more fun while also helping to support Sporcle. Thank you for becoming a member.

Show Comments

Extras

Top Quizzes Today


Score Distribution

Your Account Isn't Verified!

In order to create a playlist on Sporcle, you need to verify the email address you used during registration. Go to your Sporcle Settings to finish the process.

Report this User

Report this user for behavior that violates our Community Guidelines.

Details: